Wortgemisch - Deutsche Lieder #8 - Statistiken

Allgemein
  • Dieses Quiz wurde 451 mal gespielt
  • Das Durchschnittsergebnis liegt bei 10 aus 15
Antwortstatistiken
Hint Antwort % Korrekt
eniJ Jein
89%
neKnei teemtinerZ Keinen Zentimeter
87%
chI lwil inkee chloSkodae Ich will keine Schokolade
84%
uD stah hmic maatulsend ogenelb Du hast mich tausendmal belogen
83%
uD stah ned stöchsenn schrA red telW Du hast den schönsten Arsch der Welt
79%
reD mimosKasr Der Kommissar
75%
Snuwgch ni eid steiK Schwung in die Kiste
69%
eiwdneIrg, owgreind, nanewdngri Irgendwie, irgendwo, irgendwann
66%
rM. gitchWi Mr. Wichtig
63%
toochaPans Pocahontas
62%
generbÜrom Übermorgen
50%
schsingDhi hanK Dschinghis Khan
48%
Sylte & sda leGd Style & das Geld
46%
schteSchel dribolV Schlechtes Vorbild
39%
trahBien Beinhart
18%
Keine übereinstimmenden Quizze gefunden
Verteilung der Resultate
Anzahl Personen mit jedem Resultat
Perzentil nach korrekt beantworteten Fragen
Ihre Resultats-Entwicklung
Sie haben dieses Quiz noch nicht gespielt